| 000 | 00912nam a22002295i 4500 | ||
|---|---|---|---|
| 001 | 102860 | ||
| 003 | ES-MaACL | ||
| 005 | 20230906183212.0 | ||
| 007 | t| | ||
| 008 | 940301s1880 sp ||||1| spa d | ||
| 040 |
_aAS _bspa |
||
| 100 | 1 |
_aEsquilo. _947970 |
|
| 245 | 1 | 4 |
_aLas siete tragedias de Eschylo / _cpuestas del griego en lengua castellana, con notas y una introducción por Fernando Segundo Brieva Salvatierra ... |
| 260 |
_aMadrid : _bLuis Navarro, _c1880 ( _fImp. Central á cargo de V. Sáiz) |
||
| 300 |
_aCXVII, 523 p. ; _c19 cm. |
||
| 490 | 1 |
_aBiblioteca clásica ; _v32 |
|
| 505 | 8 | _aContiene : Prometeo encadenado ; Los siete contra Tebas ; Los persas ; Agamenón ; Las coéforas ; Las euménides ; Las suplicantes | |
| 700 | 1 |
_aBrieva Salvatierra, Fernando Segundo. _931712 |
|
| 830 | 0 |
_aBiblioteca clásica ; _v32 _9180370 |
|
| 852 |
_aES-MaACL _jF-13077 |
||
| 999 |
_c102860 _d102860 |
||